| Tag |
First Indicator |
Second Indicator |
Subfields |
| LEADER |
00000cam a2200000 i 4500 |
| 001 |
in00005519621 |
| 006 |
m o d |
| 007 |
cr cnu|||unuuu |
| 008 |
211007s2022 nyu fo 001 0 eng d |
| 005 |
20241108165433.9 |
| 035 |
|
|
|a (OCoLC)on1273727255
|
| 040 |
|
|
|a TYFRS
|b eng
|e rda
|e pn
|c TYFRS
|d TYFRS
|d OCLCF
|d OCLCQ
|d OCLCO
|d YDX
|d EBLCP
|d OCLCO
|d UKAHL
|d UKMGB
|d OCLCQ
|d BNG
|d ZCU
|d OCLCQ
|d OCLCO
|d OCLCL
|
| 015 |
|
|
|a GBC212243
|2 bnb
|
| 016 |
7 |
|
|a 020468477
|2 Uk
|
| 019 |
|
|
|a 1302311431
|a 1302517925
|a 1302581535
|a 1302696919
|a 1302740959
|a 1302953965
|a 1302988420
|a 1303051353
|a 1303080798
|a 1303185244
|a 1303214310
|a 1303559060
|
| 020 |
|
|
|a 9781003202868
|q (electronic bk.)
|
| 020 |
|
|
|a 1003202861
|q (electronic bk.)
|
| 020 |
|
|
|a 9781000550689
|q (electronic bk. ;
|q EPUB)
|
| 020 |
|
|
|a 1000550680
|q (electronic bk. ;
|q EPUB)
|
| 020 |
|
|
|a 9781000550665
|q (electronic bk. ;
|q PDF)
|
| 020 |
|
|
|a 1000550664
|q (electronic bk. ;
|q PDF)
|
| 020 |
|
|
|z 9781032065748
|
| 020 |
|
|
|z 9781032065731
|
| 020 |
|
|
|z 1032065745
|
| 020 |
|
|
|z 1032065737
|
| 024 |
7 |
|
|a 10.4324/9781003202868
|2 doi
|
| 035 |
|
|
|a (OCoLC)1273727255
|z (OCoLC)1302311431
|z (OCoLC)1302517925
|z (OCoLC)1302581535
|z (OCoLC)1302696919
|z (OCoLC)1302740959
|z (OCoLC)1302953965
|z (OCoLC)1302988420
|z (OCoLC)1303051353
|z (OCoLC)1303080798
|z (OCoLC)1303185244
|z (OCoLC)1303214310
|z (OCoLC)1303559060
|
| 037 |
|
|
|a 9781003202868
|b Taylor & Francis
|
| 050 |
|
4 |
|a TS156
|
| 072 |
|
7 |
|a BUS
|x 087000
|2 bisacsh
|
| 072 |
|
7 |
|a KJMQ
|2 bicssc
|
| 082 |
0 |
4 |
|a 658.562
|2 23
|
| 049 |
|
|
|a TXAM
|
| 100 |
1 |
|
|a Juuso, Ilkka,
|e author.
|
| 245 |
1 |
0 |
|a Developing an ISO 13485-certified quality management system :
|b an implementation guide for the medical-device industry /
|c Ilkka Juuso.
|
| 264 |
|
1 |
|a New York, NY :
|b Routledge, Taylor & Francis Group,
|c 2022.
|
| 300 |
|
|
|a 1 online resource (352 pages)
|
| 336 |
|
|
|a text
|b txt
|2 rdacontent
|
| 337 |
|
|
|a computer
|b c
|2 rdamedia
|
| 338 |
|
|
|a online resource
|b cr
|2 rdacarrier
|
| 500 |
|
|
|a "A Productivity Press book."
|
| 500 |
|
|
|a Includes index.
|
| 505 |
0 |
|
|a Chapter 1: About this bookChapter 2: IntroductionChapter 3: What to know before getting startedChapter 4: Getting startedChapter 5: Writing the quality manualChapter 6: Writing the Standard Operating ProceduresChapter 7: QMS documentation (SOP-1)Chapter 8: CAPA, monitoring & improvement (SOP-2)Chapter 9: Infrastructure (SOP-3)Chapter 10: Human resources (SOP-4)Chapter 11: Suppliers & distributors (SOP-5)Chapter 12: Auditing (SOP-6)Chapter 13: Communication, marketing & sales (SOP-7)Chapter 14: Risk management (SOP-8)Chapter 15: Clinical evidence (SOP-9)Chapter 16: Product realization (SOP-10)Chapter 17: Regulatory affairs (SOP-11)Chapter 18: Post-market surveillance (SOP-12)Chapter 19: Finalizing all the SOPsChapter 20: Writing templates, forms, records, and registriesChapter 21: Writing meeting agendas and minutesChapter 22: QMS software validationChapter 23: The launchChapter 24: TrainingChapter 25: Document reviewChapter 26: AuditsChapter 27: Management reviewChapter 28: CertificationChapter 29: Business as usualChapter 30: What to know when you are up and runningChapter 31: Conclusion
|
| 520 |
|
|
|a This book details the lessons learned from a real-world project focusing on building an ISO 13485:2016 Quality Management System (QMS) from scratch and then having it officially certified. It is a practical guide to building or improving your existing QMS with tried and tested solutions. The book takes a hands-on approach -- first teaching the top 25 lessons to know before starting to develop a QMS and then walking you through the process of writing the quality manual and the standard operating procedures, training the staff on the QMS, organizing an internal audit, executing a management review, and finally passing the necessary external audits and obtaining certification. The book helps you to progress from one task to the next and provides all the essential information to accomplish each task as quickly and efficiently as possible. The book does not attempt to replicate the standard but instead drills into the standard to expose the core of each section of the standard and reorganize its contents into a practical workflow for developing, maintaining, and improving a Lean QMS. The book includes a wealth of real-world experience both from my personal dive into quality management, and from the experiences of other companies in the field. The book also provides handy checklists for ensuring key documents and processes are fit for use - the emphasis here is to help ensure you have considered all relevant aspects. The book is not intended as a "cheat sheet" for the standard or as a review of the standard that only adds lengthy commentary on each of the clauses. Instead, the book fixes easy misunderstandings regarding QMS, provides insight into why the various clauses are written the way they are, and provides a great base to both understanding ISO 13485 QMS and developing your own QMS. The book is intended to serve both experts and novices audiences -- it provides special insight on the most crucial and effective aspects of QMS
|
| 545 |
0 |
|
|a Dr. Ilkka Juuso, DSc, has a doctorate in technology from the University of Oulu, Finland, and 20+ years of experience working on multidisciplinary R & D projects in both industry and academia. He is one of the founders of the medical device startup Cerenion Ltd., and its Chief Operations Officer, Quality Manager and long-time board member. He is also a Senior Advisor with the medical device quality consultancy Kasve Oy, a post-doctoral researcher with the University of Oulu, and one of the founders of MetaVisual Ltd. specializing in online publishing using its own versatile content management platform. Ilkka's main interests are international regulatory affairs (incl. EU MDD/MDR and US FDA), ISO 13485 quality management and medical-grade software development. Marketing and business strategy are also always close to his heart. At Cerenion, Ilkka has led the development of an ISO 13485, ISO 14971, and IEC 62304 compliant Quality Management System (QMS) from the ground up, its subsequent day-to-day operation, and certification by a notified body. He has also had a key role in the development and launch of a CE-marked Class IIb medical device under the Medical Device Directive (93/42/EEC) of the European Union using that QMS. Ilkka has a deep involvement in quality and regulatory affairs, including participation in international standardization activities concerning, for example, quality management, healthcare software, and both lifecycle and agile methods in software development. He is a member of several standardization groups under the national organizations for the International Organization for Standardization (ISO).
|
| 588 |
|
|
|a Description based on online resource; title from digital title page (viewed on January 25, 2023).
|
| 650 |
|
0 |
|a Quality control
|x Management.
|
| 650 |
|
6 |
|a Qualité
|x Contrôle
|x Gestion.
|
| 650 |
|
7 |
|a BUSINESS & ECONOMICS
|x Production & Operations Management.
|2 bisacsh
|
| 650 |
|
7 |
|a Quality control
|x Management
|2 fast
|
| 655 |
|
7 |
|a Electronic books.
|2 local
|
| 710 |
2 |
|
|a Taylor & Francis.
|
| 758 |
|
|
|i has work:
|a DEVELOPING AN ISO 13485RTIFIED QUALITY MANAGEMENT SYSTEM (Text)
|1 https://id.oclc.org/worldcat/entity/E39PCYjVxfgHYpRXMWwypyg7pP
|4 https://id.oclc.org/worldcat/ontology/hasWork
|
| 776 |
0 |
8 |
|i Print version:
|z 1032065745
|z 9781032065748
|z 9781032065731
|z 1032065737
|w (OCoLC)1269054595
|
| 856 |
4 |
0 |
|u http://proxy.library.tamu.edu/login?url=https://www.taylorfrancis.com/books/9781003202868
|z Connect to the full text of this electronic book
|t 0
|
| 955 |
|
|
|a Taylor and Francis ENGnetBASE
|
| 994 |
|
|
|a 92
|b TXA
|
| 999 |
f |
f |
|s 87cbc13d-d211-452a-bf96-9232f8066308
|i 018e85cc-8402-4fe2-8526-24ea5177c38c
|t 0
|
| 952 |
f |
f |
|a Texas A&M University
|b College Station
|c Electronic Resources
|d Available Online
|t 0
|e TS156
|h Library of Congress classification
|
| 998 |
f |
f |
|a TS156
|t 0
|l Available Online
|